[Event "Politiken Cup 32nd"]
[Site "Copenhagen"]
[Date "2010.08.06"]
[Round "8"]
[White "Satre, Roger"]
[Black "Nielsen, Morten"]
[Result "1/2-1/2"]
[WhiteElo "1801"]
[BlackElo "1949"]
[PlyCount "280"]
[EventDate "2010.07.31"]
[EventType "swiss"]
[EventRounds "10"]
[EventCountry "DEN"]
[SourceTitle "CBM 137 Extra"]
[Source "ChessBase"]
[SourceDate "2010.09.01"]
[SourceVersion "1"]
[SourceVersionDate "2010.09.01"]
[SourceQuality "1"]

1. d4 Nf6 2. c4 c5 3. d5 b5 4. cxb5 a6 5. bxa6 Nxa6 6. Nc3 d6 7. e4 g6 8. Bd3 Bg7 9. Nge2 0-0 10. 0-0 Bb7 11. f3 Nc7 12. Be3 Ra5 13. Qd2 Qa8 14. Bh6 e6 15. Bxg7 Kxg7 16. dxe6 fxe6 17. e5 dxe5 18. Ng3 Ncd5 19. Nge4 Nf4 20. Bc2 Rd8 21. Qf2 Nxe4 22. Bxe4 Rd4 23. Qe1 Bxe4 24. fxe4 Qd8 25. g3 Nh3+ 26. Kg2 Ng5 27. h4 Nf7 28. a4 Ra7 29. b3 Rad7 30. Nb5 Rd2+ 31. Kh3 Ng5+ 32. hxg5 Qxg5 33. Rf2 R2d3 34. Re2 Rxb3 35. Ra3 Rxa3 36. Nxa3 Rd3 37. Nc2 Qh5+ 38. Kg2 Qf3+ 39. Kh2 Qh5+ 40. Kg1 Qg4 41. Ne3 Qxe4 42. a5 Qa4 43. Nf1 Qd4+ 44. Re3 c4 45. Qe2 Ra3 46. Qe1 Qc5 47. Qd2 Qa7 48. a6 Rxa6 49. Qc3 Qd4 50. Kh2 Rc6 51. Nd2 Kf6 52. Nf3 Qxc3 53. Rxc3 e4 54. Nd4 Rc8 55. Kg2 Ke5 56. Ne2 g5 57. Kf2 Rf8+ 58. Kg2 Kd5 59. Ra3 Rc8 60. Ra5+ Rc5 61. Nc3+ Kd4 62. Ne2+ Kd5 63. Nc3+ Kc6 64. Ra6+ Kd7 65. Nxe4 Rc7 66. Rd6+ Ke7 67. Rd2 h6 68. Kf3 e5 69. Kg4 Rc6 70. Kf5 c3 71. Re2 h5 72. Kxe5 h4 73. g4 h3 74. Nf2 h2 75. Nh1 Rf6 76. Rxh2 Rf4 77. Rg2 c2 78. Rxc2 Rxg4 79. Kf5 Rg1 80. Re2+ Kd6 81. Rh2 g4 82. Kf4 Ke6 83. Ng3 Kf6 84. Kxg4 Kg6 85. Ra2 Rb1 86. Ra6+ Kf7 87. Ne4 Rg1+ 88. Kf5 Rf1+ 89. Ke5 Re1 90. Rf6+ Kg7 91. Rf4 Ra1 92. Rg4+ Kf8 93. Nd6 Re1+ 94. Kf6 Rf1+ 95. Nf5 Rb1 96. Rd4 Rb6+ 97. Nd6 Kg8 98. Rg4+ Kf8 99. Ke6 Ra6 100. Rf4+ Kg8 101. Ke7 Ra7+ 102. Kf6 Ra6 103. Rd4 Ra1 104. Rg4+ Kf8 105. Re4 Rf1+ 106. Nf5 Ra1 107. Re6 Rf1 108. Rd6 Ke8 109. Kg6 Rg1+ 110. Kh7 Kf7 111. Kh6 Rh1+ 112. Kg5 Rg1+ 113. Kf4 Rf1+ 114. Ke5 Re1+ 115. Kd5 Rd1+ 116. Nd4 Ra1 117. Rb6 Rd1 118. Rb3 Re1 119. Rb7+ Kf6 120. Rh7 Rd1 121. Rh6+ Kg7 122. Re6 Kf7 123. Re4 Kf6 124. Kd6 Rd2 125. Rf4+ Kg5 126. Ke5 Ra2 127. Ne6+ Kh5 128. Kf6 Ra6 129. Re4 Rb6 130. Kf5 Rb5+ 131. Kf6 Rb6 132. Ra4 Rd6 133. Ke7 Rd1 134. Kf6 Rf1+ 135. Nf4+ Kg4 136. Ke5 Re1+ 137. Ne2+ Kf3 138. Rf4+ Kxe2 139. Re4+ Kd2 140. Rxe1 Kxe1 1/2-1/2

[Event "Politiken Cup 32nd"]
[Site "Copenhagen"]
[Date "2010.08.01"]
[Round "3"]
[White "Nielsen, Morten"]
[Black "Nielsen, Henning"]
[Result "0-1"]
[WhiteElo "1949"]
[BlackElo "2164"]
[PlyCount "222"]
[EventDate "2010.07.31"]
[EventType "swiss"]
[EventRounds "10"]
[EventCountry "DEN"]
[SourceTitle "CBM 137 Extra"]
[Source "ChessBase"]
[SourceDate "2010.09.01"]
[SourceVersion "1"]
[SourceVersionDate "2010.09.01"]
[SourceQuality "1"]

1. e4 e5 2. Bc4 Nf6 3. Nf3 Nc6 4. Ng5 d5 5. exd5 Na5 6. d3 h6 7. Nf3 Bd6 8. Qe2 0-0 9. Nc3 Nxc4 10. dxc4 e4 11. Nd4 Be5 12. Be3 c6 13. 0-0-0 c5 14. Nb3 b6 15. Nb5 Re8 16. h3 a6 17. Na3 Bd6 18. Qd2 Qc7 19. Rhf1 Bd7 20. g4 b5 21. Qa5 Rec8 22. Qxc7 Rxc7 23. Rde1 b4 24. Nb1 a5 25. f4 a4 26. N3d2 Re8 27. Bg1 Bc8 28. Re3 Rce7 29. Bh2 Nh7 30. Rfe1 f5 31. Rg1 g5 32. gxf5 Bxf5 33. Rg2 Rg7 34. fxg5 Bxh2 35. Rxh2 Nxg5 36. h4 Nf7 37. Rf2 Nd6 38. b3 axb3 39. cxb3 Rg4 40. Rh2 Bd7 41. Ree2 e3 42. Nf3 Rf4 43. Ne1 Kh7 44. Nd3 Rfe4 45. Nxc5 Bg4 46. Re1 Nxc4 47. bxc4 Rxc4+ 48. Kb2 Rxc5 49. Kb3 Rxd5 50. Kxb4 Rb8+ 51. Kc4 Be6 52. Kc3 Rc8+ 53. Kb2 Rb5+ 54. Ka1 Bf5 55. Rhe2 Rb4 56. Rxe3 Rxh4 57. Rg1 Rc7 58. Nc3 Rhc4 59. Nd5 Rc1+ 60. Rxc1 Rxc1+ 61. Kb2 Rc6 62. a4 Be6 63. Nf6+ Kg6 64. Ne4 h5 65. Ka3 h4 66. Nf2 Kg5 67. a5 Kf4 68. Rd3 Rc2 69. Nh1 Bf5 70. Rd1 Be4 71. Rf1+ Ke3 72. a6 Rh2 73. Re1+ Re2 74. Rg1 Bd5 75. Kb4 Kd2 76. Kc5 Bf3 77. a7 Re1 78. Rg8 Rxh1 79. a8Q Bxa8 80. Rxa8 Rg1 81. Kd4 Rg4+ 82. Ke5 Ke3 83. Kf5 Rg3 84. Ra3+ Kf2 85. Ra2+ Kg1 86. Kf4 Rg8 87. Ra1+ Kh2 88. Kf3 Rg2 89. Ra4 h3 90. Rh4 Ra2 91. Rh8 Rg2 92. Rh4 Rg7 93. Rh8 Re7 94. Rh4 Rc7 95. Rh8 Rf7+ 96. Ke2 Kg3 97. Rg8+ Kh2 98. Rh8 Rf6 99. Ke3 Rf5 100. Rh7 Ra5 101. Kf2 Rf5+ 102. Ke3 Kg2 103. Rg7+ Kf1 104. Rh7 Ra5 105. Kf4 Ra3 106. Kg4 Kg2 107. Rb7 Ra4+ 108. Kf5 Ra2 109. Rg7+ Kf1 110. Kf4 h2 111. Rh7 Kg1 0-1

[Event "Politiken Cup 31st"]
[Site "Helsingor"]
[Date "2009.07.25"]
[Round "9"]
[White "Nielsen, Morten"]
[Black "Eriksson, Magnus"]
[Result "0-1"]
[WhiteElo "2006"]
[BlackElo "2160"]
[PlyCount "128"]
[EventDate "2009.07.18"]
[EventType "swiss"]
[EventRounds "10"]
[EventCountry "DEN"]
[SourceTitle "CBM 131 Extra"]
[Source "ChessBase"]
[SourceDate "2009.09.03"]
[SourceVersion "2"]
[SourceVersionDate "2009.09.16"]
[SourceQuality "1"]

1. e4 e6 2. d4 d5 3. Nd2 Nf6 4. e5 Nfd7 5. Bd3 c5 6. c3 Nc6 7. Ne2 cxd4 8. cxd4 f6 9. exf6 Qxf6 10. Nf3 h6 11. Bd2 Bd6 12. Bc3 0-0 13. Bc2 Rd8 14. Qd3 Nf8 15. h4 g6 16. Qe3 Qg7 17. a3 Bd7 18. Bd2 e5 19. Qxh6 e4 20. Qxg7+ Kxg7 21. Ng5 Ne6 22. Nxe6+ Bxe6 23. Ba4 Ne7 24. Bf4 Bg4 25. Bxd6 Rxd6 26. Kd2 Rf8 27. Rhf1 Rdf6 28. Ke1 Nf5 29. f4 Bxe2 30. Kxe2 Ng3+ 31. Ke3 Nxf1+ 32. Rxf1 Rc8 33. Bb3 Rd6 34. f5 Rf8 35. g4 gxf5 36. gxf5 Rh8 37. Rg1+ Kf6 38. Rg6+ Ke7 39. Rg7+ Kf8 40. Rxb7 Rxh4 41. Rb5 Rh3+ 42. Kf4 e3 43. Bd1 Rd8 44. Rb7 Re8 45. Rxa7 e2 46. Bxe2 Rxe2 47. Kg5 Rxb2 48. Ra8+ Kf7 49. Ra7+ Ke8 50. Ra5 Rb6 51. Rxd5 Rxa3 52. Kf4 Kf7 53. Ke5 Re3+ 54. Kf4 Re1 55. Ra5 Rd6 56. Ra4 Kf6 57. Kg4 Re4+ 58. Kf3 Rdxd4 59. Ra8 Kxf5 60. Rf8+ Kg6 61. Rg8+ Kf7 62. Ra8 Rh4 63. Kg3 Ra4 64. Rc8 Rag4+ 0-1

[Event "Politiken Cup 31st"]
[Site "Helsingor"]
[Date "2009.07.21"]
[Round "5"]
[White "Nielsen, Morten"]
[Black "Schmidt, Horst Hubert"]
[Result "0-1"]
[WhiteElo "2006"]
[BlackElo "1875"]
[PlyCount "66"]
[EventDate "2009.07.18"]
[EventType "swiss"]
[EventRounds "10"]
[EventCountry "DEN"]
[SourceTitle "CBM 131 Extra"]
[Source "ChessBase"]
[SourceDate "2009.09.03"]
[SourceVersion "2"]
[SourceVersionDate "2009.09.16"]
[SourceQuality "1"]

1. e4 g6 2. d4 Bg7 3. Nc3 d6 4. Be2 Nc6 5. d5 Nd4 6. Be3 Nxe2 7. Ngxe2 Nf6 8. Qd2 c5 9. Bh6 0-0 10. f3 a6 11. h4 b5 12. h5 b4 13. Nd1 e6 14. g4 exd5 15. exd5 Re8 16. hxg6 fxg6 17. Ne3 Qe7 18. Kf2 Qf7 19. Kg2 Bb7 20. Bxg7 Qxg7 21. Nf4 Qf7 22. Ne6 Nxd5 23. Ng5 Nxe3+ 24. Qxe3 Rxe3 25. Nxf7 Rxf3 26. Nxd6 Bc6 27. Kh2 Rf2+ 28. Kg3 Raf8 29. Rhc1 R8f3+ 30. Kh4 h6 31. Rh1 Rf6 32. Nc4 g5+ 33. Kh5 Be8# 0-1

[Event "Valby K41 Spring-A"]
[Site "Valby"]
[Date "2009.04.21"]
[Round "4"]
[White "Nielsen, Morten"]
[Black "Lofberg, Jan"]
[Result "1/2-1/2"]
[WhiteElo "1909"]
[BlackElo "1879"]
[PlyCount "45"]
[EventDate "2009.03.17"]
[EventType "tourn"]
[EventRounds "7"]
[EventCountry "DEN"]
[SourceTitle "EXT 2023"]
[Source "ChessBase"]
[SourceDate "2022.10.05"]
[SourceVersion "1"]
[SourceVersionDate "2022.10.05"]
[SourceQuality "1"]

1. e4 e5 2. Bc4 Nf6 3. Nf3 Nxe4 4. Nc3 Nd6 5. Bb3 e4 6. Qe2 Nc6 7. 0-0 Be7 8. Nxe4 Nxe4 9. Qxe4 0-0 10. Re1 Bf6 11. c3 d6 12. d4 Bd7 13. Bc2 g6 14. Bh6 Bg7 15. Bxg7 Kxg7 16. d5 Re8 17. Qf4 Ne7 18. Qd4+ f6 19. Ng5 Nxd5 20. Qxd5 fxg5 21. Bb3 Bc6 22. Qf7+ Kh6 23. Rxe8 1/2-1/2

[Event "Valby K41 Spring-A"]
[Site "Valby"]
[Date "2009.03.31"]
[Round "3"]
[White "Nielsen, Morten"]
[Black "Gjedde, Thomas"]
[Result "1/2-1/2"]
[WhiteElo "1909"]
[BlackElo "1963"]
[PlyCount "52"]
[EventDate "2009.03.17"]
[EventType "tourn"]
[EventRounds "7"]
[EventCountry "DEN"]
[SourceTitle "EXT 2023"]
[Source "ChessBase"]
[SourceDate "2022.10.05"]
[SourceVersion "1"]
[SourceVersionDate "2022.10.05"]
[SourceQuality "1"]

1. e4 e5 2. Bc4 Nf6 3. Nf3 Nc6 4. Ng5 d5 5. exd5 Na5 6. d3 h6 7. Nf3 e4 8. Qe2 Nxc4 9. dxc4 Bc5 10. Nfd2 0-0 11. Nb3 Bg4 12. Qf1 Bd6 13. Nc3 Bb4 14. Bd2 Re8 15. h3 e3 16. Bxe3 Ne4 17. a3 Bxc3+ 18. bxc3 Bh5 19. Qd3 Bg6 20. Qd4 Nd6 21. Nd2 Bxc2 22. 0-0 Bg6 23. Rae1 Qd7 24. g4 h5 25. f3 hxg4 26. hxg4 f6 1/2-1/2

[Event "Valby K41 op 0607"]
[Site "Valby"]
[Date "2007.01.09"]
[Round "5"]
[White "Hou, Mads"]
[Black "Nielsen, Morten"]
[Result "0-1"]
[WhiteElo "1537"]
[BlackElo "1921"]
[PlyCount "88"]
[EventDate "2006.11.14"]
[EventType "swiss"]
[EventRounds "9"]
[EventCountry "DEN"]
[SourceTitle "EXT 2018"]
[Source "ChessBase"]
[SourceDate "2017.10.13"]
[SourceVersion "1"]
[SourceVersionDate "2017.10.13"]
[SourceQuality "1"]

1. e4 Nf6 2. Nc3 Nc6 3. d4 e5 4. dxe5 Nxe5 5. f4 Nc6 6. e5 Ng8 7. Be3 d6 8. Bb5 Bd7 9. Nf3 dxe5 10. fxe5 Bb4 11. 0-0 h6 12. Nd5 Ba5 13. Qe2 Nge7 14. Rad1 a6 15. Bc4 Nxd5 16. Bxd5 Qe7 17. Bf2 0-0 18. Bh4 Qe8 19. c3 Bg4 20. Rde1 Qd7 21. Qe4 Rae8 22. Bxc6 bxc6 23. Nd4 Bb6 24. Kh1 Bxd4 25. cxd4 Rb8 26. Rf2 Rb4 27. Rf4 Be6 28. Qe3 Rxb2 29. Qg3 Bd5 30. Rg4 Rxg2 31. Rxg7+ Kh8 32. Qxg2 Bxg2+ 33. Rxg2 Qd5 34. Bf6+ Kh7 35. h4 Rg8 36. Reg1 h5 37. Kh2 Rg6 38. Rg5 Rxg5 39. Rxg5 Qxa2+ 40. Kg3 Qb3+ 41. Kf4 Qd1 42. Rg7+ Kh6 43. Rxf7 Qxd4+ 44. Kf5 Qg4# 0-1

[Event "Valby K41 op 0607"]
[Site "Valby"]
[Date "2006.12.05"]
[Round "3"]
[White "Lichtenberg, Ivan"]
[Black "Nielsen, Morten"]
[Result "0-1"]
[WhiteElo "1258"]
[BlackElo "1921"]
[PlyCount "58"]
[EventDate "2006.11.14"]
[EventType "swiss"]
[EventRounds "9"]
[EventCountry "DEN"]
[SourceTitle "EXT 2018"]
[Source "ChessBase"]
[SourceDate "2017.10.13"]
[SourceVersion "1"]
[SourceVersionDate "2017.10.13"]
[SourceQuality "1"]

1. e4 Nf6 2. Nc3 Nc6 3. d4 e5 4. dxe5 Nxe5 5. Nf3 Nxf3+ 6. Qxf3 Bb4 7. Bd2 d6 8. h3 0-0 9. 0-0-0 Re8 10. Bd3 Nd7 11. Qg3 Bxc3 12. Bxc3 f6 13. f4 Qe7 14. Qh4 Nc5 15. g4 Nxe4 16. Rde1 f5 17. g5 Qf7 18. Bxe4 Rxe4 19. b3 Bd7 20. Qf2 b6 21. h4 c5 22. h5 d5 23. Be5 Re8 24. Rhg1 Rxe1+ 25. Rxe1 Qxh5 26. Qg2 Bc6 27. Rh1 Qg6 28. Qd2 d4 29. Qd3 Bxh1 0-1

[Event "Politiken Cup 28th"]
[Site "Copenhagen"]
[Date "2006.07.26"]
[Round "5"]
[White "Nielsen, Morten"]
[Black "Jorgensen, Orla Eilegaard"]
[Result "1-0"]
[WhiteElo "2019"]
[BlackElo "1771"]
[PlyCount "33"]
[EventDate "2006.07.22"]
[EventType "swiss"]
[EventRounds "9"]
[EventCountry "DEN"]
[SourceTitle "CBM 113 Extra"]
[Source "ChessBase"]
[SourceDate "2006.09.14"]
[SourceVersion "1"]
[SourceVersionDate "2006.09.14"]
[SourceQuality "1"]

1. e4 c5 2. f4 d6 3. c3 Nc6 4. d4 cxd4 5. cxd4 Nf6 6. d5 Nb8 7. Nc3 a6 8. e5 dxe5 9. fxe5 Ng8 10. Qf3 Qb6 11. Bc4 e6 12. Nge2 g6 13. Rf1 Qc7 14. dxe6 Ne7 15. Qxf7+ Kd8 16. Qxf8+ Rxf8 17. Rxf8# 1-0